01140naa a22002895i 4500001000700000003000900007005001700016008004100033017004400074020001800118035001900136040003600155100002100191245009300212264003500305300002800340336002800368337003500396338002800431490002400459504006400483600007100547600006400618650003600682830002400718852010800742195824ES-MaACL20250804074810.0240721s2020 sp |||| |||||0|0|0 spa|c aDL AS 00120-2020, bOficina DL Asturias a9788417691912 aRebiun29579561 aES-CaUJI bcat erda cES-CaUJI1 aMenchén, Pedro10aOrtega y Gasset y Antonio Machado : bEl dilema de las dos Españas /cPedro Menchén. 1aOviedo : bArs Poetica, c2020 a295 páginas ; c23 cm aText btxt 2rdacontent asin medicaciónbn 2rdamedia avolum bnc 2rdacarrier1 aSapientia poética aReferencias bibliográficas (páginas 285-289) e índice14aOrtega y Gasset, José,d1883-1955-xCrítica e interpretación14aMachado, Antonio,d1875-1939-xCrítica e interpretación 7aFilosofía-zEspaña-yS.XX2 aSapientia poética aES-MaACLbR.153036cDEPOJjN-8837hDonación: Pedro MenchénxEncuadernación: rústica con solapas